000 00481nam a2200169Ia 4500
001 64221
008 130101n ii |||gr||||Z||||||465
082 _a001.6424
100 _aBiswas.
245 0 _aFortran IV Computer Programming
_cBy Nripendra N Biswas
_hTextual Documents
250 _a2nd edn.
260 _aNew Delhi
_bAffilited East-West Press Pvt. Ltd.
300 _a227pg:
_c30cm.
653 _aFortran IV Computer Programmi
653 _aG-computer sc
942 _2ddc
_cBK
999 _c65321
_d65321